000 00902nam a22002297a 4500
999 _c6083
_d6083
003 AR-CdUCM
008 190313b ||||| |||| 00| 0 spa d
040 _aMUNICIPALIDAD PROVINCIAL DEL CUSCO
_cBIBLIOTECA MUNICIPAL DEL CUSCO
082 _a150 /
_bB81
100 _aBraun, Ricardo
_917696
245 _aPsicología :
_bDe acuerdo al nuevo programa oficial vigente /
260 _aLima :
_c1996.
300 _a150 páginas ;
_bilustraciones, cuadros,
_c19 cm.
500 _a4° grado de educación secundaria
505 _aContenido: Fundamentos científicos de la psicología -- Panorama histórico de la psicología -- El comportamiento humano -- factores ambientales de la conducta -- Procesos cognoscitivos ...
650 _aPsicología
_91538
650 _aEducación
_9460
650 _aMemoria
_91763
700 _aRosales, Diogenes (coautor)
_917697
942 _2ddc
_cLIBROS
945 _aachl